Les footballeurs de Ligue 1 méconnus (2023-2024) - Statistiques

Statistiques générales
  • Ce quiz a été pris 81 fois
  • Le résultat moyen est 8 sur 16
Statistiques - réponses
Par images Réponse % Correct
Christopher Julien
75%
Hugo Magnetti
68%
Hákon Haraldsson
66%
Henrique
66%
Thomas Foket
62%
Ismael Jakobs
57%
Arthur Desmas
56%
Jordan Lotomba
56%
Logan Costa
56%
Matthieu Udol
49%
Eray Comert
48%
Julien Ponceau
47%
Morgan Guilavogui
42%
Bertug Yildirim
38%
Yohann Magnin
30%
Jessy Deminguet
26%
Aucun quiz correspondant
Distribution des résultats
% des personnes avec chaque résultat
Percentile par nombre de réponses
Votre historique - résultats
Vous n’avez pas pris ce quiz